Ensayos sobre temas de auditoría (Registro nro. 2102)
[ vista simple ]
| 000 -LEADER | |
|---|---|
| fixed length control field | 00816 a2200193 4500 |
| 001 - CONTROL NUMBER | |
| control field | 30662 |
| 005 - DATE AND TIME OF LATEST TRANSACTION | |
| control field | 20260407155616.0 |
| 008 - FIXED-LENGTH DATA ELEMENTS--GENERAL INFORMATION | |
| fixed length control field | 260407a1975 arg spa d |
| 003 - CONTROL NUMBER IDENTIFIER | |
| control field | AR-UNSa-BCEJYS |
| 040 ## - CATALOGING SOURCE | |
| Original cataloging agency | AR-UNSa-BCEJYS |
| Language of cataloging | spa |
| Transcribing agency | AR-UNSa-BCEJYS |
| 080 ## - UNIVERSAL DECIMAL CLASSIFICATION NUMBER | |
| Universal Decimal Classification number | 657.633 |
| Common auxiliary subdivision | Detalles técnicos de la auditoría. Comprobaciones internas<br/> |
| 100 1# - MAIN ENTRY--PERSONAL NAME | |
| Personal name | Wainstein, Mario |
| 245 10 - TITLE STATEMENT | |
| Title | Ensayos sobre temas de auditoría |
| 264 #1 - PRODUCTION, PUBLICATION, DISTRIBUTION, MANUFACTURE, AND COPYRIGHT NOTICE | |
| Place of production, publication, distribution, manufacture | Buenos Aires : |
| Name of producer, publisher, distributor, manufacturer | Ediciones Macchi |
| Date of production, publication, distribution, manufacture, or copyright notice | 1975 |
| 300 ## - PHYSICAL DESCRIPTION | |
| Extent | 80 p. |
| Dimensions | 25 cm. |
| 505 ## - FORMATTED CONTENTS NOTE | |
| Formatted contents note | 1. Primeras auditorías - 2. Análisis de la cobertura de seguros - 3. Los libros de contabilidad. Su evolución e incidencia en el dictamen - 4. Las notas a los estados contables - 5. Los papeles de trabajo - 6. Programación de la auditoría. |
| 590 ## - LOCAL NOTE (RLIN) | |
| Local note | niveau_biblio:m niveau_hierar:0 |
| 942 ## - ADDED ENTRY ELEMENTS (KOHA) | |
| Koha item type | |
| Withdrawn status | Lost status | Damaged status | Not for loan | Home library | Current library | Shelving location | Date acquired | Total checkouts | Full call number | Barcode | Date last seen | Price effective from | Koha item type |
|---|---|---|---|---|---|---|---|---|---|---|---|---|---|
| Biblioteca Prof. Eusebio Cleto del Rey | Biblioteca Prof. Eusebio Cleto del Rey | 07/04/2026 | 657.633 W141 | L12579 | 07/04/2026 | 07/04/2026 | Libro | ||||||
| Biblioteca Prof. Eusebio Cleto del Rey | Biblioteca Prof. Eusebio Cleto del Rey | 07/04/2026 | 657.633 W141 | L13355 | 07/04/2026 | 07/04/2026 | Libro | ||||||
| Biblioteca Prof. Eusebio Cleto del Rey | Biblioteca Prof. Eusebio Cleto del Rey | 07/04/2026 | 657.633 W141 | L13356 | 07/04/2026 | 07/04/2026 | Libro |